Представление документа в формате RUSMARC

ПолеНазваниеЗначение
  Тип записи a
  Библиографический уровень a
001 Контрольный номер RU/IS/BASE/478278123
005 Дата корректировки 20240209175146.4
100 Данные общей обработки __
a Данные общей обработки 20150226d2015 ||| 0rusy0189 ca
101 Язык документа 0_
a Язык текста rus
102 Страна публикации __
a Страна публикации RU
105 Кодированные данные (монография) __
a Кодированные данные (монография) y###||||000|y
200 Заглавие и сведения об ответственности 1_
a Заглавие Кракле с узором
b Общее обозначение материала Текст
e Сведения, относящиеся к заглавию [мастер-класс по декору короба]
f Первые сведения об ответственности О. Жукова
300 Общие примечания __
a Общие примечания Ограничения по возрасту - 12+
461 Уровень набора _0
1 2000
a Делаем сами
463 Уровень физической единицы _0
1 001RU/IS/BASE/478273550
1 2000
a № 1
v С. 15
1 210
d 2015
606 Тематические рубрики 0_
a Основная рубрика Декупаж
610 Ключевые слова 0_
a Ключевые слова декупаж
a Ключевые слова кракелюры
a Ключевые слова декор короба
686 Индексы других классификаций __
a Классификационный индекс 85.125
2 Код системы ББК
700 Автор _0
a Фамилия Жукова
b Имя (инициалы) О.
801 Источник записи _0
a Страна RU
b Организация МБУК ЦБС
c Дата составления 20150226
g Правила каталогизации RCR
801 Источник записи _1
a Страна RU
b Организация МБУК ЦБС г. Ульяновска
c Дата составления 20150226
g Правила каталогизации RCR
901 Тип документа __
t Тип документа b
w Контрольный № источника RU/IS/BASE/478273550
910 Корректоры записи __
a Корректор записи admin2
938 Служебная информация __
a Имя БД period